000 00591nam a2200229Ia 4500
003 OSt
005 20220928101802.0
006 a|||||r|||| 00| 0
007 ta
008 220927b |||||||| |||| 00| 0 eng d
024 _a60809
037 _cTextual
040 _aSDCL
_cSDCL
_beng
041 _2eng
_aeng
082 _aBv, P1
100 _aWilson Robin J
_9395111
245 0 _aStamping through mathematics.
260 _aNew York
_b Springer Publication
_c2001
300 _a126p.
_ccm.
942 _hBv, P1
_cTEXL
_2CC
999 _c710745
_d710745